Premier League Relegated Teams - Statistics

General Stats
  • This quiz has been taken 47 times
  • The average score is 35 of 42
Answer Stats
Answer % Correct
Leeds United
100%
Leicester City
100%
Southampton
100%
Sunderland
100%
West Ham United
98%
Newcastle United
95%
Norwich City
95%
Burnley
93%
Fulham
93%
Ipswich Town
93%
Aston Villa
90%
Birmingham City
90%
Manchester City
90%
Nottingham Forest
90%
Sheffield United
90%
West Bromwich Albion
90%
Blackburn Rovers
88%
Cardiff City
88%
Middlesbrough
88%
Queens Park Rangers
88%
Sheffield Wednesday
88%
Derby County
85%
Portsmouth
85%
Swansea City
85%
Bournemouth
83%
Stoke City
83%
Watford
83%
Wolverhampton Wanderers
83%
Hull City
80%
Bolton Wanderers
78%
Crystal Palace
78%
Huddersfield Town
78%
Blackpool
73%
AFC Wimbledon
71%
Coventry City
71%
Wigan Athletic
71%
Barnsley
66%
Charlton Athletic
66%
Reading
66%
Oldham Athletic
63%
Bradford City
56%
Swindon Town
41%
No matching quizzes found
Score Distribution
Percent of People with Each Score
Percentile by Number Answered
Your Score History
You have not taken this quiz